Capybara True or False - Statistics

General Stats
  • This quiz has been taken 145 times
  • The average score is 6 of 9
Answer Stats
Question Answer % Correct
Capybaras cannot swim. False
91%
Capybaras are native in the continent South America. True
82%
Capybaras are related to guinea pigs. True
82%
Capybaras live in groups. True
82%
Capybaras eat plants True
82%
Capybaras belong to the order carnivora False
73%
Capybaras are herbivores True
73%
The capybara has been featured on money. True
45%
Capybaras usually have about 2 or 3 babies in a litter False
36%
No matching quizzes found
Score Distribution
Percent of People with Each Score
Percentile by Number Answered
Your Score History
You have not taken this quiz